00444nam a2200145Ia 4500008004100000020001500041041001200056082001600068100001800084245011300102260003900215300000800254650001600262700002000278221030s9999 xx 000 0 und d a8129705338 aEnglish a105.23bTra aW. H. Tranter 0aPrinciples of Communication Systems Simulation with Wireless Applicationscby W. H. Tranter, K. S. Shanmugan bPearson EducationaNew Delhic2004 a778 aBE Computer aK. S. Shanmugan